000 01624nam a2200313Ia 4500
003 PE SENCICO BE
005 20251020182439.0
008 200515s9999 xx 000 0 und d
020 _a970-15-0673-1
040 _aPE SENCICO BE
_cPE SENCICO BE
041 _aspa
082 _a526.9
_bB21
100 1 _aBannister, A.
_93237
_eautor
245 1 0 _aTécnicas modernas en topografía /
_cA. Bannister, S. Raymond, R. Baker
250 _a7a ed.
260 _aMéxico, D.F. :
_bAlfaomega ;
_c2002
300 _ax, 550 páginas :
_bilustraciones, tablas, gráficos ;
_c23 cm.
505 0 _aLevantamientos con cinta o longimetro -- Nivelación -- El teodolito y su uso -- Medición electromagnética de distancia (MED) -- Sistemas de posicionamiento por satélite -- Métodos de levantamiento -- Análisis y ajuste de mediciones -- Áreas y volúmenes -- Replanteo -- Trazo de curvas -- Levantamientos hidrográficos -- Fotogrametría
520 3 _aLos principios y equipos ligados a la topografía se describen en forma clara y breve, con una amplitud y dominio que no se encuentra en otras obras. Se pone una especial atención a temas tan importantes como los levantamientos por satélite, GPS y GLONASS, las medicines electromagnéticas de distancias, el tratamiento de errores, etc.
650 1 0 _aTopografía
_94
650 2 0 _aInstrumentos de topografía
_9997
650 2 0 _aFotogrametría
_9120
650 2 0 _aGPS
_9911
650 2 0 _aLevantamiento topográfico
_9116
650 2 0 _aNivelación de terrenos
_93229
700 1 _93238
_aRaymond, S.
_eautor
700 1 _93239
_aBaker, R.
_eautor
942 _cLIB
_2ddc
999 _c481
_d481